| 000 | 01105nam a2200253 i 4500 | ||
|---|---|---|---|
| 001 | 19058 | ||
| 003 | ES-MaACL | ||
| 005 | 20250507063017.0 | ||
| 007 | t| | ||
| 008 | 020530s1990 sp ||||1| spa d | ||
| 020 | _a84-453-0191-8 | ||
| 080 | _a339.92 (4-672 CE) | ||
| 100 | 1 |
_aFraga Iribarne, Manuel, _d1922-2012 _9193721 |
|
| 245 | 1 | 4 |
_aLos espacios regionales en el marco de la Comunidad Europea _b: discurso de clausura del Congreso sobre "los espacios regionales en el marco de la Comunidad Europea", Compostela, 2-XII-1990 / _cManuel Fraga Iribarne. |
| 260 |
_a[Santiago de Compostela] : _bXunta de Galicia, _c[1990] |
||
| 300 |
_a27 p. ; _c24 cm. |
||
| 490 | 1 | _aTextos de la Presidencia de la Xunta de Galicia | |
| 651 | 4 |
_aPaíses de la Unión Europea- _xSituación económica. _99180 |
|
| 710 | 1 |
_aGalicia. _bJunta. _94460 |
|
| 711 | 2 |
_aCongreso sobre Espacios Regionales en el Marco de la Comunidad Europea ( _d1990. _cCompostela) _9579 |
|
| 830 | 0 |
_aTextos de la Presidencia de la Xunta de Galicia _9180543 |
|
| 852 |
_aES-MaACL _j2166-F-7 _bR.130995 |
||
| 999 |
_c19058 _d19058 |
||